| 000 | 00800nam a22002297a 4500 | ||
|---|---|---|---|
| 999 |
_c19484 _d19484 |
||
| 003 | AR-CdUCM | ||
| 008 | 190517b ||||| |||| 00| 0 spa d | ||
| 020 | _a968-16-1605-7 | ||
| 040 |
_aMUNICIPALIDAD PROVINCIAL DEL CUSCO _cBIBLIOTECA MUNICIPAL DEL CUSCO |
||
| 082 |
_a869.1 / _bR741 |
||
| 100 |
_aRojas Gonzales, Francisco _913578 |
||
| 245 |
_aLa venganza de Carlos Mango : _by otras historias / |
||
| 260 |
_aMéxico, D.F : _bFondo de Cultura Económica, _c1984. |
||
| 300 |
_a131 páginas ; _c22 cm. |
||
| 440 |
_aLecturas mexicanas _n40 _940836 |
||
| 505 | _aContenido: La tona -- Los novios -- Las vacas de Quiviquinta -- Hículi Hualula... | ||
| 650 |
_aCuentos mexicanos _9413 |
||
| 650 |
_aSiglo XX _98 |
||
| 650 |
_aDiosero _940837 |
||
| 942 |
_2ddc _cLIBROS |
||
| 945 |
_adavv _d2019-05-17 |
||